00491nam a22001337a 4500008004100000020000900041050002000050100003000070245012800100250001200228260005200240300005300292650001200345171106b xxu||||| |||| 00| 0 eng d a2010 aHD 69 .N93 2010 aNyandemo S Misati.d2010. aProject Management from design to implementation/bA practical guide for successful project management.cMisati S Nyandemo. a1st ed. aKenya:bRichmond Designers and printers,c2010. a187p.bIncludes bibliographical refernces.c22cm aproject